| 000 | 00690pam a2200229 a 4500 | ||
|---|---|---|---|
| 020 | _a0521255090 | ||
| 020 | _a0521287812 (pbk.) | ||
| 040 | _cDLC | ||
| 082 | 0 | 0 | _a808 CAM 1984 A092 Or. |
| 100 | 1 | _aUr, Penny. | |
| 245 | 1 | 0 | _aTeaching listening comprehension / |
| 260 |
_aCambridge ; _aNew York : _bCambridge University Press, _c1984. |
||
| 300 |
_ax, 173 p. : _bill. ; _c24 cm. |
||
| 500 | _aIncludes index. | ||
| 650 | 0 | _aListening | |
| 650 | 0 | _aAttention. | |
| 650 | 0 | _aComprehension. | |
| 650 | 0 | _aListening comprehension. | |
| 856 | 4 | 2 | _uhttp://www.loc.gov/catdir/description/cam022/83005173.html |
| 856 | 4 | 1 | _uhttp://www.loc.gov/catdir/toc/cam029/83005173.html |
| 942 | _cEK | ||
| 999 |
_c12334 _d12334 |
||